Linguistics for Students of Literature (Record no. 344011)
[ view plain ]
| 000 -LEADER | |
|---|---|
| fixed length control field | 00360 a2200133 4500 |
| 082 ## - DEWEY DECIMAL CLASSIFICATION NUMBER | |
| Classification number | 410 |
| 090 ## - LOCALLY ASSIGNED LC-TYPE CALL NUMBER (OCLC); LOCAL CALL NUMBER (RLIN) | |
| -- | 1492 |
| -- | 1492 |
| 100 ## - MAIN ENTRY--PERSONAL NAME | |
| Personal name | Traugott,Elizabeth Closs. |
| 245 ## - TITLE STATEMENT | |
| Title | Linguistics for Students of Literature |
| Statement of responsibility, etc. | Elizabeth Closs Traugott |
| 260 ## - PUBLICATION, DISTRIBUTION, ETC. | |
| Place of publication, distribution, etc. | Islamabad |
| Name of publisher, distributor, etc. | National book Foundation |
| 300 ## - PHYSICAL DESCRIPTION | |
| Extent | 444p |
| 500 ## - GENERAL NOTE | |
| General note | Hard cover |
| 942 ## - ADDED ENTRY ELEMENTS (KOHA) | |
| Institution code [OBSOLETE] | NBS |
| Koha item type | Book |
| Call number prefix | 410 ETH |
| Withdrawn status | Lost status | Damaged status | Not for loan | Permanent Location | Current Location | Date acquired | Total Checkouts | Full call number | Barcode | Date last seen | Date last checked out | Price effective from | Koha item type |
|---|---|---|---|---|---|---|---|---|---|---|---|---|---|
| Central Library (CL) | Central Library (CL) | 08/28/2013 | 1 | 410 ETH | NBSD-1127 | 11/23/2017 | 08/24/2017 | 08/28/2013 | Book | ||||
| Central Library (CL) | Central Library (CL) | 08/28/2013 | 1 | 410 ETH | NBSD-1126 | 11/23/2017 | 08/23/2017 | 08/28/2013 | Book |
